Uchovávanie, archivácia účtovnej dokumentácie a jej vyradenie

Povinnosti účtovnej jednotky pri uchovávaní a ochrane účtovnej dokumentácie.

Enregistré dans:
Détails bibliographiques
Auteur principal: Pakšiová, Renáta, 1974-
Format: Chapitre de livre
Langue:slovaque
Sujets:
Tags: Ajouter un tag
Pas de tags, Soyez le premier à ajouter un tag!

MARC

LEADER 00000naa a2200000 4500
001 0193354
005 20240502073234.2
041 0 |a slo 
044 |a SK 
245 1 0 |a Uchovávanie, archivácia účtovnej dokumentácie a jej vyradenie  |c Renáta Pakšiová 
520 |a Povinnosti účtovnej jednotky pri uchovávaní a ochrane účtovnej dokumentácie. 
610 2 0 |a jednotka účtovná 
610 2 0 |a archivácia 
610 2 0 |a dokumentácia účtovná 
610 2 0 |a uchovávanie dát 
610 2 0 |a ochrana dát 
100 1 |a Pakšiová, Renáta, 1974-